[Event "Bar City-ch"]
[Site "Bar"]
[Date "2021.12.12"]
[Round "1"]
[White "Kovacevic, Sasa"]
[Black "Rabrenovic, Milinko"]
[Result "0-1"]
[WhiteElo "1723"]
[BlackElo "2220"]
[PlyCount "110"]
[EventDate "2021.12.12"]
[EventType "swiss"]
[EventRounds "7"]
[EventCountry "MNE"]
[SourceTitle "CBM 205 Extra"]
[Source "ChessBase"]
[SourceDate "2022.01.31"]
[SourceVersion "1"]
[SourceVersionDate "2022.01.31"]
[SourceQuality "1"]

1. d4 Nf6 2. Nf3 g6 3. c4 Bg7 4. Nc3 d5 5. e3 0-0 6. Be2 c5 7. 0-0 cxd4 8. Nxd4 dxc4 9. Bxc4 Qc7 10. Be2 a6 11. Bd2 e5 12. Nf3 Nc6 13. a3 Rd8 14. Qc1 e4 15. Nd4 Nxd4 16. exd4 Qb6 17. Be3 Bf5 18. h3 Rac8 19. g4 Bd7 20. Qb1 h6 21. d5 Qd6 22. Nxe4 Nxe4 23. Qxe4 Bxb2 24. Ra2 Re8 25. Qf3 Bg7 26. Bf4 Qf6 27. Be3 Qh4 28. Rc1 Rxc1+ 29. Bxc1 Rc8 30. Bd2 Be5 31. Kg2 Rc5 32. Qe4 Bd6 33. Rc2 Rxc2 34. Qxc2 h5 35. Qe4 hxg4 36. hxg4 Qh2+ 37. Kf1 Qh3+ 38. Ke1 Qxa3 39. f3 Qa1+ 40. Kf2 Qh1 41. Bc3 Qh2+ 42. Ke1 Qg1+ 43. Kd2 Ba3 44. Qc2 Qh2 45. Qe4 Bb5 46. Qe5 Qxe2+ 47. Qxe2 Bxe2 48. Kxe2 Kf8 49. Bf6 Ke8 50. Kd3 Kd7 51. Be5 b5 52. f4 f5 53. gxf5 gxf5 54. Bb8 Bd6 55. Bxd6 Kxd6 0-1

[Event "MNT-chT 1st League"]
[Site "Podgorica"]
[Date "2014.09.14"]
[Round "6.1"]
[White "Vukcevic, Nemanja"]
[Black "Rabrenovic, Milinko"]
[Result "1-0"]
[WhiteElo "2165"]
[BlackElo "2197"]
[PlyCount "111"]
[EventDate "2014.08.29"]
[EventType "team-tourn"]
[EventRounds "9"]
[EventCountry "MNE"]
[SourceTitle "EXT 2018"]
[Source "ChessBase"]
[SourceDate "2017.10.13"]
[SourceVersion "1"]
[SourceVersionDate "2017.10.13"]
[SourceQuality "1"]
[WhiteTeam "Omladinac Buducnost"]
[BlackTeam "Mornar"]
[WhiteTeamCountry "MNE"]
[BlackTeamCountry "MNE"]

1. e4 c5 2. Nf3 e6 3. d4 cxd4 4. Nxd4 a6 5. Nc3 Qc7 6. Be2 Nf6 7. 0-0 Bb4 8. Nb3 d6 9. Qd3 Nbd7 10. Qg3 Bxc3 11. bxc3 0-0 12. Bh6 Ne8 13. Nd4 Ndf6 14. Bd3 e5 15. Ne2 Qc6 16. f3 Qc5+ 17. Kh1 Kh8 18. Bg5 h6 19. Qh4 Nh7 20. Be7 Rg8 21. f4 Qc7 22. Bd8 Qc6 23. fxe5 dxe5 24. Qg3 f6 25. Be7 b5 26. Qe3 Be6 27. Rfb1 Qb7 28. Bc5 Nc7 29. a4 Qc6 30. axb5 axb5 31. Ba7 Ng5 32. Qb6 Bd7 33. Qxc6 Bxc6 34. Ng3 g6 35. Kg1 h5 36. h4 Nge6 37. Kf2 Rg7 38. Be3 Rf8 39. Bh6 Rgf7 40. Bxf8 Rxf8 41. Ra7 Rb8 42. Ne2 Kg7 43. Ke3 Kh6 44. c4 b4 45. Nc3 Ne8 46. Nd5 Bxd5 47. exd5 Nc5 48. Ra5 Rc8 49. Rxb4 Nd6 50. Rb6 e4 51. Rxd6 exd3 52. cxd3 Re8+ 53. Kf3 Nxd3 54. Rxf6 Ne5+ 55. Kg3 Nxc4 56. Raa6 1-0

[Event "MNT-chT"]
[Site "Cetinje"]
[Date "2013.06.25"]
[Round "2.5"]
[White "Rabrenovic, Milinko"]
[Black "Podlesnik, Bogdan"]
[Result "1/2-1/2"]
[WhiteElo "2236"]
[BlackElo "2381"]
[PlyCount "28"]
[EventDate "2013.06.24"]
[EventType "team-tourn"]
[EventRounds "9"]
[EventCountry "MNE"]
[SourceTitle "CBM 155 Extra"]
[Source "ChessBase"]
[SourceDate "2013.08.26"]
[SourceVersion "1"]
[SourceVersionDate "2013.08.26"]
[SourceQuality "1"]
[WhiteTeam "Mornar"]
[BlackTeam "Bemax"]
[WhiteTeamCountry "MNE"]
[BlackTeamCountry "MNE"]

1. e4 c5 2. Nf3 Nc6 3. d4 cxd4 4. Nxd4 Nf6 5. Nc3 e6 6. Ndb5 d6 7. Bf4 e5 8. Bg5 a6 9. Na3 b5 10. Nd5 Be7 11. Bxf6 Bxf6 12. c4 b4 13. Nc2 a5 14. g3 Bg5 1/2-1/2

[Event "MNT-chT"]
[Site "Cetinje"]
[Date "2012.08.09"]
[Round "7"]
[White "Musovic, Armin"]
[Black "Rabrenovic, Milinko"]
[Result "1/2-1/2"]
[WhiteElo "2154"]
[BlackElo "2241"]
[PlyCount "25"]
[EventDate "2012.08.03"]
[EventType "team-tourn"]
[EventRounds "9"]
[EventCountry "MNE"]
[SourceTitle "CBM 149 Extra"]
[Source "ChessBase"]
[SourceDate "2012.08.24"]
[SourceVersion "1"]
[SourceVersionDate "2012.08.24"]
[SourceQuality "1"]

1. e4 c5 2. c3 d5 3. exd5 Qxd5 4. d4 Nf6 5. Nf3 Bg4 6. Be2 e6 7. h3 Bh5 8. 0-0 Nc6 9. Na3 cxd4 10. Nb5 0-0-0 11. Nbxd4 Bc5 12. Nxc6 Qxc6 13. Qb3 1/2-1/2

[Event "Bar op"]
[Site "Bar"]
[Date "2010.11.18"]
[Round "1"]
[White "Rabrenovic, Milinko"]
[Black "Tadic, Branko"]
[Result "1/2-1/2"]
[WhiteElo "2265"]
[BlackElo "2523"]
[PlyCount "114"]
[EventDate "2010.11.18"]
[EventType "swiss"]
[EventRounds "7"]
[EventCountry "YUG"]
[SourceTitle "EXT 2012"]
[Source "ChessBase"]
[SourceDate "2011.11.24"]
[SourceVersion "1"]
[SourceVersionDate "2011.11.24"]
[SourceQuality "1"]

1. Nf3 d5 2. g3 g6 3. Bg2 Bg7 4. d4 c5 5. c3 cxd4 6. cxd4 Nf6 7. 0-0 0-0 8. Nc3 Ne4 9. Nxe4 dxe4 10. Ne5 Qd5 11. Qa4 Nd7 12. Nc4 Bxd4 13. Rd1 Qc5 14. Be3 Bxe3 15. Nxe3 Nf6 16. Bxe4 Nxe4 17. Qxe4 Be6 18. b4 Qc6 19. Nd5 Bxd5 20. Qxd5 Qxd5 21. Rxd5 Rfd8 22. Rad1 Rxd5 23. Rxd5 Kf8 24. Rb5 b6 25. a4 Rd8 26. a5 Rd6 27. e4 Ke8 28. e5 Rc6 29. axb6 Rxb6 30. Ra5 a6 31. f4 Kd7 32. Ra2 Kc6 33. Rc2+ Kb7 34. Rc4 Rc6 35. Rd4 Kb6 36. Kf2 Rc2+ 37. Kf3 Kc7 38. h4 Rc3+ 39. Kg4 h5+ 40. Kg5 Rxg3+ 41. Kh6 Rg4 42. Kg7 Rxh4 43. Kxf7 g5 44. Kxe7 Rxf4 45. Rd7+ Kc6 46. Rd6+ Kb5 47. e6 h4 48. Kd7 h3 49. e7 Rf7 50. Rd5+ Kxb4 51. Rxg5 a5 52. Rg4+ Kb3 53. Rg3+ Kb2 54. Rxh3 a4 55. Ke6 Rxe7+ 56. Kxe7 a3 57. Rxa3 Kxa3 1/2-1/2

[Event "MNT-chT"]
[Site "Cetinje"]
[Date "2009.08.22"]
[Round "2.2"]
[White "Rabrenovic, Milinko"]
[Black "Drasko, Milan"]
[Result "1/2-1/2"]
[WhiteElo "2257"]
[BlackElo "2527"]
[PlyCount "50"]
[EventDate "2009.08.21"]
[EventType "team-tourn"]
[EventRounds "7"]
[EventCountry "MNE"]
[SourceTitle "CBM 131 Extra"]
[Source "ChessBase"]
[SourceDate "2009.09.03"]
[SourceVersion "2"]
[SourceVersionDate "2009.09.16"]
[SourceQuality "1"]

1. e4 e6 2. d4 d5 3. Nc3 Bb4 4. exd5 exd5 5. Bd3 Nf6 6. Nge2 c6 7. 0-0 0-0 8. Bg5 Re8 9. Qd2 Nbd7 10. Ng3 Nf8 11. Nh5 Be7 12. Bxf6 Bxf6 13. Nxf6+ Qxf6 14. Rae1 Bf5 15. Bxf5 Qxf5 16. Ne2 Ne6 17. c3 Rad8 18. f4 Nc7 19. Ng3 Qd7 20. f5 f6 21. Qf4 Kf8 22. Qh4 Rxe1 23. Rxe1 Re8 24. Rxe8+ Qxe8 25. Kf2 Kg8 1/2-1/2

[Event "EU-ch 10th"]
[Site "Budva"]
[Date "2009.03.09"]
[Round "4"]
[White "Jakovljevic, Vlado"]
[Black "Rabrenovic, Milinko"]
[Result "1/2-1/2"]
[WhiteElo "2420"]
[BlackElo "2257"]
[PlyCount "49"]
[EventDate "2009.03.06"]
[EventType "swiss"]
[EventRounds "11"]
[EventCountry "MNE"]
[SourceTitle "CBM 130"]
[Source "ChessBase"]
[SourceDate "2009.05.20"]
[SourceVersion "1"]
[SourceVersionDate "2009.05.20"]
[SourceQuality "1"]

1. Nf3 Nf6 2. c4 g6 3. d4 Bg7 4. g3 0-0 5. Bg2 c6 6. Nc3 d5 7. cxd5 cxd5 8. Ne5 e6 9. 0-0 Nfd7 10. f4 Nc6 11. Be3 Nb6 12. Bf2 Ne7 13. Rc1 Bd7 14. b3 Bc6 15. Qd2 f6 16. Nd3 Nf5 17. Nc5 Re8 18. Rfd1 Bf8 19. a4 a5 20. e4 dxe4 21. Bxe4 Nd5 22. Nxd5 exd5 23. Bg2 Nd6 24. h3 Kh8 25. Kh2 1/2-1/2

[Event "Bar op-B"]
[Site "Bar"]
[Date "2008.03.30"]
[Round "2"]
[White "Rabrenovic, Milinko"]
[Black "Scekic, Veljko"]
[Result "1/2-1/2"]
[WhiteElo "2257"]
[BlackElo "2115"]
[PlyCount "39"]
[EventDate "2008.03.29"]
[EventType "swiss"]
[EventRounds "9"]
[EventCountry "YUG"]
[SourceTitle "CBM 123 Extra"]
[Source "ChessBase"]
[SourceDate "2008.05.06"]
[SourceVersion "1"]
[SourceVersionDate "2008.05.06"]
[SourceQuality "1"]

1. e4 c5 2. Nf3 Nc6 3. c3 e6 4. d4 d5 5. exd5 exd5 6. Be3 Qb6 7. Qb3 c4 8. Qxb6 axb6 9. Nbd2 Bd6 10. Be2 Nge7 11. 0-0 0-0 12. Rfe1 h6 13. Nf1 b5 14. a3 Bd7 15. Rad1 Rfe8 16. Ng3 Ng6 17. Bc1 Re7 18. Bf1 Rae8 19. Rxe7 Rxe7 20. Re1 1/2-1/2